Statystyki dla League of Legends - Freljord

Kliknij tutaj aby rozwiązać quiz!

Ogólne statystyki

  • Ten quiz został rozwiązany 773 razy
  • Średni wynik to 9 z 14

Statystyki odpowiedzi

Odpowiedź% Poprawnych
Ashe
98%
Anivia
90%
Sejuani
85%
Lissandra
84%
Volibear
81%
Braum
80%
Tryndamere
74%
Ornn
66%
Olaf
59%
Trundle
57%
Nunu i Willump
39%
Udyr
39%
Gragas
36%
Gnar
30%

Rozkład punktacji

Percentyl według liczby udzielonych odpowiedzi

Procent ludzi z każdym wynikiem

Twoja historia wyników

Nie rozwiązałeś tego quizu